Reflection in learining & professional development : theory & practice (Record no. 570825)

MARC details
000 -LEADER
fixed length control field 00446nam a22001577a 4500
003 - CONTROL NUMBER IDENTIFIER
control field OSt
005 - DATE AND TIME OF LATEST TRANSACTION
control field 20250415162220.0
008 - FIXED-LENGTH DATA ELEMENTS--GENERAL INFORMATION
fixed length control field 250415b |||||||| |||| 00| 0 eng d
020 ## - INTERNATIONAL STANDARD BOOK NUMBER
International Standard Book Number 9780749434526
040 ## - CATALOGING SOURCE
Transcribing agency acl
050 ## - LIBRARY OF CONGRESS CALL NUMBER
Classification number 374 MOO
100 ## - MAIN ENTRY--PERSONAL NAME
Personal name Moon, Fennifer A
245 ## - TITLE STATEMENT
Title Reflection in learining & professional development : theory & practice
Statement of responsibility, etc. \ by Fennifer A Moon
260 ## - PUBLICATION, DISTRIBUTION, ETC.
Place of publication, distribution, etc. London
Name of publisher, distributor, etc. RoutledgeFalmer
Date of publication, distribution, etc. 1999
942 ## - ADDED ENTRY ELEMENTS (KOHA)
Source of classification or shelving scheme Dewey Decimal Classification
Koha item type English Books
Holdings
Withdrawn status Lost status Source of classification or shelving scheme Damaged status Not for loan Home library Current library Shelving location Date acquired Total Checkouts Total Renewals Full call number Barcode Date last seen Date last checked out Price effective from Koha item type
    Dewey Decimal Classification     Anna Centenary Library Anna Centenary Library 4TH FLOOR, A WING 15.04.2025 2 1 374 MOO 171207 26.07.2025 14.06.2025 15.04.2025 English Books

Find us on the map